Normal view
MARC view
Entry Personal Name
001 - CONTROL NUMBER
- control field: 35
003 - CONTROL NUMBER IDENTIFIER
- control field: OSt
005 - DATE AND TIME OF LATEST TRANSACTION
- control field: 20150526141459.0
008 - FIXED-LENGTH DATA ELEMENTS
- fixed length control field: 150526|| aca||aabn | a|a d
040 ## - CATALOGING SOURCE
- Original cataloging agency: OSt
- Transcribing agency: OSt
100 ## - HEADING--PERSONAL NAME
- Personal name: ब्रजभूषण
670 ## - SOURCE DATA FOUND
- Source citation: Work cat.: (OSt): ब्रजभूषण, मानुष तेरा गुण बडा, 2012









